00624nam a2200217Ia 4500003000900000008004100009040001300050040001300063041000800076100002100084245002200105250001100127260002700138260000900165300001100174300001000185490000600195942000700201999001700208952018100225IT-RoPAU120407s9999 xx 000 0 und d aIT-RoPAU cIT-RoPAU aita aJean Paul Sartre aL’antisemitismo aMilano aEdizioni di Comunità c1964 a107 p. c21 cm v1 cBK c24214d24214 00102ddc406304_86000000000000071aPAULUSbPAULUSd2012-04-11l0o304.86r2012-04-11 00:00:00w2012-04-11yBKzInserito da: In data: n.d. fondo: Via A.Severo 56 Progr:16623